La cultura europea del siglo XIX

Збережено в:
Бібліографічні деталі
Автор: Mosse, George L. (autor)
Формат: Книга
Мова:Іспанська
Опубліковано: Barcelona Ariel 1997
Серія:Ariel Historia
Предмети:
Теги: Додати тег
Немає тегів, Будьте першим, хто поставить тег для цього запису!

MARC

LEADER 00000nam a2200000 a 4500
001 UCN2568
003 CL-VaPUC
008 010530e19970300SP |||||||||||||||||spa|d
082 0 4 |a 940.28  |b MOS  |2 21 
100 |a Mosse, George L.  |e autor  |9 601906 
245 1 3 |a La cultura europea del siglo XIX 
300 |a 249 p 
942 |c BK 
945 |d 20010530 00:00:00  |a cmena 
260 |a Barcelona  |b Ariel  |c 1997 
650 7 |a HISTORIA EUROPEA SIGLO 19  |2 CL-VaPUC  |9 435509 
650 0 |a Cultura  |9 269059 
650 0 |a Romanticismo   |9 266698 
650 7 |a NACIONALISMO  |2 CL-VaPUC  |9 458555 
650 0 |a Racismo  |9 255805 
650 0 |a Liberalismo  |9 255715 
650 7 |a MARXISMO  |2 CL-VaPUC  |9 458556 
650 0 |a Ideologías políticas   |9 255735 
583 |a last modification  |c 20010530 00:00:00  |k Rodrigo Vera 
490 0 |a Ariel Historia 
999 |c 295626  |d 295624 
952 |0 0  |1 0  |4 0  |6 940_280000000000000_MOS_1997  |7 0  |8 A  |9 348905  |a BIBHIS  |b BIBHIS  |d 2019-11-20  |i 3699749  |l 5  |o 940.28 MOS 1997  |p 3699749  |r 2025-01-20  |s 2024-05-20  |w 2019-11-20  |y BK  |k HIS